Catálogo
 En Linea

"El manual de la chapiadora" : (Registro nro. 47359)

Detalles MARC
000 -CABECERA
campo de control de longitud fija 00659nam a2200181 a 4500
001 - NÚMERO DE CONTROL
campo de control 000047871
005 - FECHA Y HORA DE LA ÚLTIMA TRANSACCIÓN
campo de control 20201002060801.0
008 - DATOS DE LONGITUD FIJA--INFORMACIÓN GENERAL
campo de control de longitud fija 181001s2018 dr 000 0 spa d
020 ## - NÚMERO INTERNACIONAL ESTÁNDAR DEL LIBRO
Número Internacional Estándar del Libro 9789945092097
040 ## - FUENTE DE LA CATALOGACIÓN
Centro catalogador/agencia de origen DO-SdBNP
Lengua de catalogación spa
Centro/agencia transcriptor BNPHU
082 ## - NÚMERO DE LA CLASIFICACIÓN DECIMAL DEWEY
Número de clasificación xx
Número de documento/Ítem xx
100 1# - ENTRADA PRINCIPAL--NOMBRE DE PERSONA
Nombre de persona Bautista Lantigua, Wilsis M.
9 (RLIN) 75434
245 10 - MENCIÓN DE TÍTULO
Título "El manual de la chapiadora" :
Resto del título la guía que promete convertirse en tu material exclusivo de consulta sobrel el chapeo /
Mención de responsabilidad, etc. Wilsis M. Bautista Lantigua.
246 14 - FORMA VARIANTE DE TÍTULO
Título propio/Titulo breve Wilsis M. Bautista Lantigua :
Resto del título chapiadora por elección
260 ## - PUBLICACIÓN, DISTRIBUCIÓN, ETC.
Lugar de publicación, distribución, etc. Santo Domingo :
Nombre del editor, distribuidor, etc. [s.n.],
Fecha de publicación, distribución, etc. 2018.
300 ## - DESCRIPCIÓN FÍSICA
Extensión 124 p. ;
Dimensiones 22 cm.
590 ## - NOTA LOCAL (RLIN)
Nota local Inventariado, 2018/VM
Existencias
Estado de retiro Estado de pérdida No para préstamo Código de colección Localización permanente Ubicación/localización actual Ubicación en estantería Fecha de adquisición Número de inventario Total de préstamos Signatura topográfica completa Código de barras Fecha visto por última vez Número de copia Precio válido a partir de Tipo de ítem Koha
    Excluido de préstamo Dominicana de Servicio General General Depósito 01.10.2018 LF1   xx xx 47871-30 25.06.2020 e. 3 25.06.2020 Libro y Folleto Colección Dominicana de Servicio
    Excluido de préstamo Patrimonio Dominicano Patrimonio Dominicano Patrimonio Dominicano Depósito 01.10.2018 LF1   xx xx 47871-10 25.06.2020   25.06.2020 Libro y Folleto Colección Patrimonio Dominicano
    Excluido de préstamo Patrimonio Dominicano Patrimonio Dominicano Patrimonio Dominicano Depósito 01.10.2018 LF1   xx xx 47871-20 25.06.2020 e. 2 25.06.2020 Libro y Folleto Colección Patrimonio Dominicano

Con tecnología Koha